[Event "Nordic-ch U15"]
[Site "Drammen"]
[Date "2017.02.18"]
[Round "3"]
[White "Davidsdottir, Nansy"]
[Black "Stefansson, Vignir Vatnar"]
[Result "1-0"]
[WhiteElo "1897"]
[BlackElo "2384"]
[PlyCount "33"]
[EventDate "2017.02.17"]
[EventType "swiss"]
[EventRounds "6"]
[EventCountry "NOR"]
[SourceTitle "CBM 177 Extra"]
[Source "ChessBase"]
[SourceDate "2017.04.27"]
[SourceVersion "1"]
[SourceVersionDate "2017.04.27"]
[SourceQuality "1"]

1. e4 d5 2. exd5 Qxd5 3. Nc3 Qd6 4. d4 c6 5. Nf3 Bg4 6. h3 Bxf3 7. Qxf3 Qxd4 8. Bf4 Nd7 9. Rd1 Qb4 10. a3 Qxb2 11. Nb5 cxb5 12. Rxd7 Kxd7 13. Qxb7+ Ke6 14. Qc6+ Kf5 15. Bd3+ Kxf4 16. Qe4+ Kg5 17. h4+ 1-0

[Event "Nordic-ch U16 Girls"]
[Site "Alta"]
[Date "2016.04.30"]
[Round "3"]
[White "Davidsdottir, Nansy"]
[Black "Greibrokk, Ingrid Andrea"]
[Result "1/2-1/2"]
[WhiteElo "1778"]
[BlackElo "1878"]
[PlyCount "59"]
[EventDate "2016.04.29"]
[EventType "swiss"]
[EventRounds "5"]
[EventCountry "NOR"]
[SourceTitle "EXT 2024"]
[Source "ChessBase"]
[SourceDate "2023.10.10"]
[SourceVersion "1"]
[SourceVersionDate "2023.10.10"]
[SourceQuality "1"]

1. e4 e5 2. Nf3 Nc6 3. d4 exd4 4. Nxd4 Nxd4 5. Qxd4 d6 6. Nc3 Bd7 7. Bc4 Nf6 8. Bg5 Be7 9. 0-0-0 0-0 10. f4 b5 11. Be2 c5 12. Qd3 b4 13. Nb1 Be6 14. Bxf6 Bxf6 15. Qxd6 Qxd6 16. Rxd6 Bxa2 17. e5 Be7 18. Rd7 Rfe8 19. Bf3 Rad8 20. Rxa7 Bxb1 21. Kxb1 Bf8 22. Rd1 Rxd1+ 23. Bxd1 Rd8 24. Bf3 g6 25. c3 Bh6 26. cxb4 cxb4 27. Rb7 Bxf4 28. Rxb4 Bxe5 29. h3 Rb8 30. Rxb8+ 1/2-1/2

[Event "Nordic-ch U16 Girls"]
[Site "Alta"]
[Date "2016.04.29"]
[Round "2"]
[White "Nass, Sara"]
[Black "Davidsdottir, Nansy"]
[Result "0-1"]
[WhiteElo "1773"]
[BlackElo "1778"]
[PlyCount "70"]
[EventDate "2016.04.29"]
[EventType "swiss"]
[EventRounds "5"]
[EventCountry "NOR"]
[SourceTitle "EXT 2024"]
[Source "ChessBase"]
[SourceDate "2023.10.10"]
[SourceVersion "1"]
[SourceVersionDate "2023.10.10"]
[SourceQuality "1"]

1. e4 c5 2. Nf3 e6 3. d4 cxd4 4. Nxd4 Nc6 5. Be2 Nf6 6. Nc3 a6 7. 0-0 Qc7 8. Kh1 Be7 9. f4 d6 10. Be3 Bd7 11. Qe1 Nxd4 12. Bxd4 e5 13. Be3 Bc6 14. Bf3 0-0 15. Qg3 Kh8 16. fxe5 dxe5 17. Rad1 Rad8 18. Rxd8 Rxd8 19. h4 b5 20. h5 h6 21. Qf2 Qb7 22. Bc5 b4 23. Bxe7 Qxe7 24. Nd5 Bxd5 25. exd5 e4 26. Be2 Rxd5 27. Bxa6 Rxh5+ 28. Kg1 Qd6 29. Qe2 e3 30. g3 Qxg3+ 31. Qg2 Qb8 32. Qe2 Rg5+ 33. Kh1 Ne4 34. Qf3 Rh5+ 35. Qxh5 Ng3+ 0-1

[Event "Reykjavik op"]
[Site "Reykjavik"]
[Date "2016.03.14"]
[Round "8"]
[White "Gislason, Jason Andri"]
[Black "Davidsdottir, Nansy"]
[Result "0-1"]
[WhiteElo "1319"]
[BlackElo "1778"]
[PlyCount "64"]
[EventDate "2016.03.08"]
[EventType "swiss"]
[EventRounds "10"]
[EventCountry "ISL"]
[SourceTitle "CBM 171 Extra"]
[Source "ChessBase"]
[SourceDate "2016.04.26"]
[SourceVersion "1"]
[SourceVersionDate "2016.04.26"]
[SourceQuality "1"]

1. e4 c5 2. Nf3 e6 3. d3 Nc6 4. g3 Qc7 5. Bg2 Nf6 6. 0-0 d6 7. Re1 Be7 8. b3 0-0 9. Bb2 e5 10. c3 Nd7 11. d4 Bf6 12. d5 Ne7 13. c4 Ng6 14. Nbd2 a6 15. a4 Bd8 16. Qc2 Nb8 17. h3 f5 18. exf5 Bxf5 19. Ne4 Be7 20. h4 Qc8 21. Bc1 Nd7 22. Nfg5 Nf6 23. Qd1 Nh8 24. f3 Nf7 25. g4 Nxe4 26. Nxf7 Rxf7 27. gxf5 Ng3 28. Bg5 Qxf5 29. Bxe7 Rxe7 30. Qb1 Qh5 31. f4 Rae8 32. fxe5 Rxe5 0-1

[Event "Reykjavik op"]
[Site "Reykjavik"]
[Date "2016.03.11"]
[Round "5"]
[White "Bak, Christopher"]
[Black "Davidsdottir, Nansy"]
[Result "1-0"]
[WhiteElo "1969"]
[BlackElo "1778"]
[PlyCount "83"]
[EventDate "2016.03.08"]
[EventType "swiss"]
[EventRounds "10"]
[EventCountry "ISL"]
[SourceTitle "CBM 171 Extra"]
[Source "ChessBase"]
[SourceDate "2016.04.26"]
[SourceVersion "1"]
[SourceVersionDate "2016.04.26"]
[SourceQuality "1"]

1. e4 c5 2. Nf3 e6 3. d4 cxd4 4. Nxd4 a6 5. Bd3 Nc6 6. Nxc6 dxc6 7. Nd2 Qc7 8. Qe2 Nf6 9. 0-0 Be7 10. a4 e5 11. Nc4 b5 12. axb5 cxb5 13. Ne3 Bd7 14. Bd2 0-0 15. Ra5 Qb7 16. f3 Bc5 17. Kh1 Bd4 18. c3 Bb6 19. Raa1 Be6 20. Nf5 h6 21. g4 Bxf5 22. exf5 Qd7 23. Rfd1 Qc7 24. h4 Nh7 25. Be4 Ra7 26. g5 Qe7 27. gxh6 Qxh4+ 28. Kg2 Qf6 29. Rh1 g6 30. fxg6 fxg6 31. Rh3 g5 32. Rg3 Qxh6 33. Rh1 Qf6 34. Rxh7 Rxh7 35. Bxg5 Qe6 36. Qd1 Rd7 37. Bh6+ Kh8 38. Bg7+ Rxg7 39. Qh1+ Kg8 40. Qh7+ Kf7 41. Qxg7+ Ke8 42. Bg6+ 1-0

[Event "Reykjavik op"]
[Site "Reykjavik"]
[Date "2016.03.10"]
[Round "4"]
[White "Davidsdottir, Nansy"]
[Black "Jonsson, Gauti Pall"]
[Result "1/2-1/2"]
[WhiteElo "1778"]
[BlackElo "1996"]
[PlyCount "106"]
[EventDate "2016.03.08"]
[EventType "swiss"]
[EventRounds "10"]
[EventCountry "ISL"]
[SourceTitle "CBM 171 Extra"]
[Source "ChessBase"]
[SourceDate "2016.04.26"]
[SourceVersion "1"]
[SourceVersionDate "2016.04.26"]
[SourceQuality "1"]

1. e4 c5 2. Nf3 e6 3. d4 cxd4 4. Nxd4 a6 5. Be2 b5 6. Bf3 Bb7 7. 0-0 Qc7 8. c3 d6 9. Be3 Nf6 10. Nd2 Nbd7 11. g3 Be7 12. Bg2 d5 13. Qc2 0-0 14. Kh1 Rac8 15. f4 Nxe4 16. Nxe4 dxe4 17. Bxe4 Nf6 18. Bg2 Nd5 19. Bg1 b4 20. Qe4 bxc3 21. bxc3 Qd7 22. Rac1 Rc7 23. Qe1 Rfc8 24. Ne2 Rc4 25. Bd4 Bc5 26. Qd2 Qa4 27. Be4 Qd7 28. Bg2 Bxd4 29. cxd4 g6 30. Rfd1 Qa4 31. Be4 R8c7 32. Rxc4 Rxc4 33. Rc1 Qb5 34. Rb1 Qc6 35. Rc1 Qa4 36. Kg1 Qc6 37. Rxc4 Qxc4 38. Qc2 Qb4 39. Kf2 a5 40. Qd3 a4 41. a3 Qb6 42. Qc4 Bc6 43. Bd3 Nf6 44. h3 Qb7 45. Qa6 Qd7 46. Qc4 Bd5 47. Qb5 Bc6 48. Qc4 Ne8 49. Qc5 Qb7 50. h4 Nf6 51. Ke1 Be4 52. Qb5 Qa8 53. Qa6 Qxa6 1/2-1/2

[Event "Reykjavik op"]
[Site "Reykjavik"]
[Date "2016.03.09"]
[Round "2"]
[White "Davidsdottir, Nansy"]
[Black "Harringer, Manfred"]
[Result "0-1"]
[WhiteElo "1778"]
[BlackElo "2016"]
[PlyCount "136"]
[EventDate "2016.03.08"]
[EventType "swiss"]
[EventRounds "10"]
[EventCountry "ISL"]
[SourceTitle "CBM 171 Extra"]
[Source "ChessBase"]
[SourceDate "2016.04.26"]
[SourceVersion "1"]
[SourceVersionDate "2016.04.26"]
[SourceQuality "1"]

1. e4 e5 2. Nf3 Nc6 3. d4 exd4 4. Nxd4 Nf6 5. Nxc6 bxc6 6. Bd3 Be7 7. 0-0 d6 8. b3 0-0 9. Bb2 Re8 10. Nd2 a5 11. c4 Ng4 12. Be2 Bf6 13. Bxf6 Nxf6 14. Qc2 c5 15. f4 Bg4 16. Bf3 Bxf3 17. Rxf3 Ng4 18. Raf1 Qf6 19. Rd3 Qe7 20. Rg3 f5 21. Qc3 h5 22. exf5 Qe2 23. Qd3 Qxd3 24. Rxd3 Ne3 25. Re1 Nxf5 26. Rxe8+ Rxe8 27. Kf2 Ra8 28. Nb1 a4 29. Nc3 axb3 30. axb3 Kf7 31. Nb5 Rc8 32. Na7 Rd8 33. Nb5 Rd7 34. Nc3 Nd4 35. Ne2 Nc6 36. Nc3 Nb4 37. Re3 Nc2 38. Rd3 Nd4 39. Ne2 Nc2 40. Nc3 c6 41. Ne4 Ke6 42. h3 h4 43. Rd2 Nd4 44. b4 Kf5 45. Ng5 Nb3 46. Rd3 Nc1 47. Rd1 Kxf4 48. Ne6+ Ke5 49. Nxc5 Rf7+ 50. Ke3 dxc5 51. Rxc1 cxb4 52. Rb1 c5 53. Rd1 b3 54. Rd2 Rb7 55. Rb2 Rb4 56. Kd3 Kf4 57. Rf2+ Kg3 58. Rb2 g5 59. Kc3 Kf4 60. Rf2+ Ke3 61. Rb2 Rb7 62. Rb1 b2 63. Kc2 Rb4 64. Kc3 Ke2 65. Rxb2+ Rxb2 66. Kxb2 Kd3 67. Kb3 Kd4 68. Kc2 Kxc4 0-1

[Event "Reykjavik op"]
[Site "Reykjavik"]
[Date "2015.03.11"]
[Round "3"]
[White "Sigurjonsson, Gudmundur1111"]
[Black "Davidsdottir, Nansy"]
[Result "1-0"]
[WhiteElo "2463"]
[BlackElo "1641"]
[PlyCount "57"]
[EventDate "2015.03.10"]
[EventType "swiss"]
[EventRounds "10"]
[EventCountry "ISL"]
[SourceTitle "CBM 165 Extra"]
[Source "ChessBase"]
[SourceDate "2015.04.21"]
[SourceVersion "1"]
[SourceVersionDate "2015.04.21"]
[SourceQuality "1"]
[WhiteTeam "Reykjanesbaejar"]
[WhiteTeamCountry "ISL"]

1. d4 c6 2. Bf4 d5 3. e3 Nf6 4. Bd3 e6 5. Nd2 Nbd7 6. Rc1 b5 7. c3 Qb6 8. Ngf3 c5 9. h4 Be7 10. Ne5 c4 11. Bb1 a5 12. h5 h6 13. Qf3 Bb7 14. Nxd7 Nxd7 15. Qg3 Bf6 16. e4 dxe4 17. Bxe4 Bd5 18. 0-0 Qc6 19. Rfe1 Nb6 20. b3 Bxe4 21. Nxe4 Nd5 22. Nd6+ Kf8 23. Be5 Bg5 24. f4 Bf6 25. bxc4 bxc4 26. Rb1 Rd8 27. f5 Bxe5 28. dxe5 Ne7 29. fxe6 1-0

[Event "Reykjavik op"]
[Site "Reykjavik"]
[Date "2013.02.25"]
[Round "8"]
[White "Davidsdottir, Nansy"]
[Black "Arntsen, Frode"]
[Result "0-1"]
[WhiteElo "1479"]
[BlackElo "1840"]
[PlyCount "68"]
[EventDate "2013.02.19"]
[EventType "swiss"]
[EventRounds "10"]
[EventCountry "ISL"]
[SourceTitle "CBM 153 Extra"]
[Source "ChessBase"]
[SourceDate "2013.04.22"]
[SourceVersion "1"]
[SourceVersionDate "2013.04.22"]
[SourceQuality "1"]

1. e4 d5 2. exd5 Qxd5 3. d3 Nf6 4. Nc3 Qd6 5. Nf3 c6 6. Be2 Bf5 7. h3 Nbd7 8. Be3 e6 9. Qd2 Qc7 10. a3 Be7 11. 0-0 h6 12. b4 g5 13. b5 Rg8 14. bxc6 bxc6 15. Nd4 Ne5 16. Nxf5 exf5 17. f4 g4 18. fxe5 gxh3 19. Bf3 Nh5 20. d4 0-0-0 21. Qd3 Ng3 22. Rfb1 Kd7 23. Bf4 Ke8 24. Bxg3 Rxg3 25. Bxc6+ Qxc6 26. Qxg3 hxg2 27. Rd1 Bg5 28. Rd3 Qc4 29. Qxg2 Rxd4 30. Kh1 Rh4+ 31. Rh3 Qxc3 32. Qa8+ Ke7 33. Qxa7+ Kf8 34. Qb8+ Kg7 0-1

[Event "Nordic-ch Girls C"]
[Site "Stavanger"]
[Date "2012.04.20"]
[Round "4"]
[White "Lorem, Helene"]
[Black "Davidsdottir, Nansy"]
[Result "1/2-1/2"]
[WhiteElo "840"]
[BlackElo "1379"]
[PlyCount "40"]
[EventDate "2012.04.20"]
[EventType "swiss"]
[EventRounds "5"]
[EventCountry "NOR"]
[SourceTitle "EXT 2024"]
[Source "ChessBase"]
[SourceDate "2023.10.10"]
[SourceVersion "1"]
[SourceVersionDate "2023.10.10"]
[SourceQuality "1"]

1. d4 Nf6 2. c4 e6 3. Nc3 Bb4 4. Qc2 c5 5. Nf3 0-0 6. dxc5 Bxc5 7. g3 Nc6 8. Bg2 d5 9. cxd5 exd5 10. Bg5 Be6 11. 0-0 Be7 12. Rfd1 h6 13. Bxf6 Bxf6 14. a3 Bxc3 15. Qxc3 Qe7 16. Ne5 Rac8 17. Nxc6 bxc6 18. Qe3 Qb7 19. b4 Rfe8 20. Qc5 Bf5 1/2-1/2